000 00539nam a22001937a 4500
999 _c167880
_d167880
005 20190921163440.0
008 190921b ||||| |||| 00| 0 eng d
010 _aB-125628
020 _a9780143334927
_c250.00
035 _aB-125628
040 _adpl
_ben
082 _aN
100 _aBanerjee, Anjali
245 _aMaya running/
_cby Anjali Banerjee
260 _aNew Delhi
_bPuffin Books
_c2005
270 _a11, Community Centre, Panchsheel Park,
_bNew Delhi
_e110017
300 _a192p
_c20cm(pbk)
942 _2ddc
_cEN
_hN
_mBAN